000 00756cam a2200253 a 4500
008
020 _a0521640431 (hbk.)
049 _aMAIN
090 0 _aQC244
_bROS
100 1 _aRose, Joseph L.
245 1 0 _aUltrasonic waves in solid media /
_cJoseph L. Rose.
260 _aCambridge :
_bCambridge University Press,
_c1999.
300 _axvi, 454 p. :
_bill. ;
_c26 cm.
504 _aIncludes bibliographical references (p. [439]-450).
500 _aIncludes index.
650 0 _aWave mechanics.
650 0 _aNondestructive testing.
650 0 _aUltrasonic testing.
907 _a.b10232011
_b04-03-09
_c15-02-07
003
005 20230123134359.0
040 _cNUST
942 _cBOOKS
_kQC244
_mROS
999 _c164910
_d164910